000 01066nam a2200325Ia 4500
001 dia_5286
003 CHAP
005 20251023154211.0
008 220117s2011 xx 000 0 und d
010 _a176195
020 _a978-84-96669-68-0
040 _cCHAP
082 _a641.61 L53 2011
245 _aEl libro de las conservas /
_c edición Lynda Brown, Carolyn Humphries y Heather Whinney ; traducción Raquel Vázquez Ramil
260 _aEspaña :
_b H. Blume,
_c2011
300 _a352 p.
500 _aTítulo original: The preserving book
590 _aTX603 L53 2011
650 _aAlimentos
_xConservación
_94179
650 _aAlimentos
_xPreservación
_94266
650 _aCanning and preserving
_9158111
700 _aBrown, Lynda, ed.
_9158112
700 _aHumphries, Carolyn, ed.
_9158113
700 _aVázquez Ramil, Raquel, tr.
_9158114
700 _aWhinney, Heather, ed.
_9158115
901 _a641.61 L53 2011
902 _aM
905 _a5232272011 sp nd 8222113312mx 16
942 _cLIBRO
_2ddc
999 _c176195
_d176195